00000000nam 2200000zi 4500
0019.952199
003CaOODSP
00520250821091228
006m     o  d f      
007cr cn|||||||||
008250610e202507##nfcd    ob   f000 0 eng d
020 |a9780660777894
040 |aCaOODSP|beng|erda|cCaOODSP
043 |an-cn-nf|aln-----
0861 |aFs70-6/2025-034E-PDF
24500|aAssessment of divisions 2J+3KL capelin to 2024.
264 1|aSt. John's NL : |bCanadian Science Advisory Secretariat : |bFisheries and Oceans Canada, Newfoundland and Labrador Region, Center for Science Advice, |cJuly 2025.
264 4|c©2025
300 |a1 online resource (10 pages) : |bgraphs.
336 |atext|btxt|2rdacontent
337 |acomputer|bc|2rdamedia
338 |aonline resource|bcr|2rdacarrier
4901 |aScience advisory report, |x1919-5087 ; |v2025/034
500 |aCaption title.
500 |aIssued also in French under title: Évaluation du capelan dans les divisions 2J, 3K et 3L jusqu'en 2024.
504 |aIncludes bibliographical references (page 9).
520 |a"Fisheries and Oceans Canada (DFO) Fisheries Management has requested Science Advice on the status of 2J3KL Capelin (Mallotus villosus) stock (Capelin Newfoundland & Labrador [NL] Region Divisions 2+3 [Capelin Fishing Areas 1-11]). This species was last fully assessed in 2024. Full assessments are carried out annually and the next full assessment is scheduled for 2026. This Science Advisory Report is from the regional peer review of March 4-6, 2025, for the Stock Assessment of Capelin in Divisions 2J+3KL"--Context, page [1].
650 0|aCapelin|zNewfoundland and Labrador|zAtlantic Coast.
650 0|aCapelin fisheries|zNewfoundland and Labrador|zAtlantic Coast.
650 0|aFish stock assessment|zNewfoundland and Labrador|zAtlantic Coast.
7102 |aCanadian Science Advisory Secretariat, |eissuing body.
7101 |aCanada. |bDepartment of Fisheries and Oceans. |bNewfoundland and Labrador Region, |eissuing body.
77508|tÉvaluation du capelan dans les divisions 2J, 3K et 3L jusqu'en 2024.|w(CaOODSP)9.952200
830#0|aScience advisory report (Canadian Science Advisory Secretariat)|x1919-5087 ; |v2025/034.|w(CaOODSP)9.506226
85640|qPDF|s633 KB|uhttps://publications.gc.ca/collections/collection_2025/mpo-dfo/fs70-6/Fs70-6-2025-034-eng.pdf